|
|
|
|
| LEADER |
00000nab a2200000 ar4500 |
| 001 |
vtls008961584 |
| 003 |
SK-MaSNL |
| 005 |
20260303070705.0 |
| 008 |
070404c2006 xo qr|p|||||||000 b|slo |
| 015 |
|
|
|a SNBRB2007/04
|2 snkbucl
|
| 038 |
|
|
|a SNKBUCL
|
| 040 |
|
|
|a SNKBUCL
|b slo
|c SNKBUCL
|e AACR2
|
| 041 |
0 |
|
|a slo
|
| 044 |
|
|
|a xo
|c SK
|
| 080 |
|
|
|a 72.071.1
|x (048)
|2 2001
|
| 100 |
1 |
|
|a Haberlandová, Katarína,
|d 1973-
|4 aut
|9 229805
|
| 245 |
1 |
0 |
|a Ernst Wiesner
|c Katarína Haberlandová
|
| 300 |
|
|
|b Fotogr.
|
| 600 |
1 |
7 |
|a Wiesner, Ernst,
|d 1890-1971
|2 snkbucl
|9 1068441
|
| 655 |
|
7 |
|a monografie
|2 snkbucl
|9 70139
|
| 655 |
|
7 |
|a recenzie
|2 snkbucl
|9 21907
|
| 773 |
0 |
|
|t Architektúra & urbanizmus
|g Roč. XL, č. 3-4 (2006), s. 211-213
|x 0044-8680
|
| 787 |
0 |
8 |
|i Rec.:
|a Pelčák, Petr, 1963-
|t Ernst Wiesner
|d Brno : Obecní dům, 2005
|z 8023956132
|
| 787 |
0 |
8 |
|i Rec.:
|a Wahla, Ivan, 1963-
|t Ernst Wiesner
|d Brno : Obecní dům, 2005
|z 8023956132
|
| 852 |
|
|
|a SNK
|b KIS3GCP
|
| 958 |
|
|
|a RC
|
| 958 |
|
|
|a CZ
|
| 999 |
|
|
|c 1756527
|d 1758457
|